000 00412nmm a2200145Ia 4500
008 251105s9999||||xx |||||||||||||||||und||
041 _aspa
100 _aHalfón, Eduardo
245 0 _aSignor Hoffman
264 _a[Madrid, España] :
_bLibros del asteroide,
_c2015
300 _a152 páginas
650 _aLatin American narrative
856 _uhttps://public.digitaliapublishing.com/a/50558
942 _cCF
999 _c105734
_d105734